Waluty według $ymboli - Statystyki

Ogólne statystyki
  • Ten quiz został rozwiązany 11 256 razy
    10 166 od ostatniego zresetowania
  • Średni wynik to 10 z 23
Statystyki odpowiedzi
Wskazówka Waluta % Poprawnych
$ dolar
97%
euro
97%
złoty (Polska)
96%
£ funt
86%
kr korona
79%
korona (Czechy)
79%
Fr frank
71%
¥ jen
69%
rubel
65%
¥ yuan
37%
rupia
33%
won (Korea Północna i Korea Południowa)
33%
$ peso
32%
¢ cent
27%
Ft forint (Węgry)
27%
د. dinar
24%
฿ bat (Tajlandia)
16%
R$ real (Brazylia)
13%
د. dirham
12%
dồng (Wietnam)
12%
szekel
12%
R rand
7%
¢ centavo
2%
Nie znaleziono quizów pasujących do podanych kryteriów
Rozkład punktacji
Procent ludzi z każdym wynikiem
Percentyl według liczby udzielonych odpowiedzi
Twoja historia wyników
Nie rozwiązałeś tego quizu od ostatniego zresetowania